000 00313nam a2200133 i 4500
001 bg
245 0 _aTaschenbuch Elektrotechnik. Band 1.
250 _aAuf.2 bearbeitete und erweiterte.
260 _aBerlin,
_c1968.
040 _cBPK
041 _apol
942 _cKS
008 s pl f |000 0 pol
999 _c8587
_d8587
856 _uhttp://koha.tu.koszalin.pl/cgi-bin/koha/opac-detail.pl?biblionumber=8587
_yKatalog online BPK